[Event "Dvorkovich Memorial op 6th"]
[Site "Taganrog"]
[Date "2011.08.09"]
[Round "9"]
[White "Petrushin, Alexander I"]
[Black "Stukopin, Andrey"]
[Result "1/2-1/2"]
[WhiteElo "2453"]
[BlackElo "2423"]
[PlyCount "25"]
[EventDate "2011.08.01"]
[EventType "swiss"]
[EventRounds "9"]
[EventCountry "RUS"]
[SourceTitle "CBM 144 Extra"]
[Source "ChessBase"]
[SourceDate "2011.10.28"]
[SourceVersion "1"]
[SourceVersionDate "2011.10.28"]
[SourceQuality "1"]

1. Nf3 c5 2. g3 Nc6 3. Bg2 g6 4. 0-0 Bg7 5. d3 d5 6. Nbd2 e6 7. e4 Nge7 8. Re1 0-0 9. Qe2 Qc7 10. e5 g5 11. Nxg5 Qxe5 12. Qxe5 Nxe5 13. Ngf3 1/2-1/2

[Event "Dvorkovich Memorial op 6th"]
[Site "Taganrog"]
[Date "2011.08.06"]
[Round "6"]
[White "Lindenbaum, Viktor"]
[Black "Petrushin, Alexander I"]
[Result "0-1"]
[WhiteElo "2215"]
[BlackElo "2453"]
[PlyCount "68"]
[EventDate "2011.08.01"]
[EventType "swiss"]
[EventRounds "9"]
[EventCountry "RUS"]
[SourceTitle "CBM 144 Extra"]
[Source "ChessBase"]
[SourceDate "2011.10.28"]
[SourceVersion "1"]
[SourceVersionDate "2011.10.28"]
[SourceQuality "1"]

1. d4 Nf6 2. c4 g6 3. Nc3 Bg7 4. e4 d6 5. f3 0-0 6. Be3 e5 7. d5 c6 8. Qd2 cxd5 9. cxd5 Na6 10. Nge2 Bd7 11. 0-0-0 b5 12. Ng3 b4 13. Nce2 Qb8 14. Kb1 Nc7 15. Nc1 a5 16. Bc4 Ba4 17. Nb3 Rc8 18. Rc1 Be8 19. Qd3 Nd7 20. Nd2 Nb6 21. Rc2 Qb7 22. Rhc1 Ba4 23. Bb3 Bb5 24. Bc4 Nxc4 25. Nxc4 Qa6 26. Qd1 Ne8 27. Nb6 Rxc2 28. Rxc2 Rb8 29. Ka1 Rxb6 30. Bxb6 Qxb6 31. Qc1 h5 32. Nf1 Kh7 33. g3 Bh6 34. f4 Qd4 0-1

[Event "Azov Don Cup"]
[Site "Azov"]
[Date "2011.07.16"]
[Round "9"]
[White "Petrushin, Alexander I"]
[Black "Yermolenko, Vasily"]
[Result "0-1"]
[WhiteElo "2453"]
[BlackElo "2264"]
[PlyCount "71"]
[EventDate "2011.07.09"]
[EventType "swiss"]
[EventRounds "9"]
[EventCountry "RUS"]
[SourceTitle "EXT 2012"]
[Source "ChessBase"]
[SourceDate "2011.11.24"]
[SourceVersion "1"]
[SourceVersionDate "2011.11.24"]
[SourceQuality "1"]

1. e4 g6 2. d4 Bg7 3. Nc3 d6 4. Be3 a6 5. a4 Nc6 6. d5 Nb8 7. Nge2 e6 8. dxe6 fxe6 9. Nf4 Nc6 10. Bc4 Qe7 11. h4 Nh6 12. Nh5 Bxc3+ 13. bxc3 Nf7 14. Ng3 Bd7 15. h5 g5 16. h6 Rg8 17. Be2 Nce5 18. a5 c5 19. Qb1 Bc6 20. Qb6 Rg6 21. 0-0-0 Kf8 22. Bh5 Rf6 23. Bxf7 Nxf7 24. e5 Nxe5 25. Bxg5 Qf7 26. Rxd6 Qe7 27. Bxf6 Qxf6 28. Qxc5 Kg8 29. Re1 Qxh6+ 30. Kb1 Nd7 31. Qd4 Nf8 32. Rh1 Qg7 33. Qe3 Be8 34. Nh5 Qxg2 35. Qe1 Bg6 36. Rg1 0-1

[Event "Azov Don Cup"]
[Site "Azov"]
[Date "2011.07.13"]
[Round "6"]
[White "Mandrikin, Igor"]
[Black "Petrushin, Alexander I"]
[Result "1/2-1/2"]
[WhiteElo "2265"]
[BlackElo "2453"]
[PlyCount "54"]
[EventDate "2011.07.09"]
[EventType "swiss"]
[EventRounds "9"]
[EventCountry "RUS"]
[SourceTitle "EXT 2012"]
[Source "ChessBase"]
[SourceDate "2011.11.24"]
[SourceVersion "1"]
[SourceVersionDate "2011.11.24"]
[SourceQuality "1"]

1. e4 d6 2. d4 Nf6 3. Nc3 c6 4. a4 g6 5. Nf3 Bg7 6. Be2 0-0 7. 0-0 a5 8. Be3 Na6 9. Nd2 d5 10. exd5 cxd5 11. Nb5 Nc7 12. h3 Nfe8 13. Nf3 Nxb5 14. Bxb5 Nd6 15. Be2 Qb6 16. Bc1 Bf5 17. c3 Rfd8 18. Re1 Ne4 19. Ra3 Bd7 20. Rb3 Qc7 21. Ra3 e6 22. Ng5 Bc6 23. Bd3 Nxg5 24. Bxg5 Re8 25. Bh4 Qd7 26. Bg3 Bf8 27. Ra2 Bg7 1/2-1/2

[Event "Azov Don Cup"]
[Site "Azov"]
[Date "2011.07.10"]
[Round "2"]
[White "Prokhoda, Nikola"]
[Black "Petrushin, Alexander I"]
[Result "0-1"]
[WhiteElo "2200"]
[BlackElo "2453"]
[PlyCount "74"]
[EventDate "2011.07.09"]
[EventType "swiss"]
[EventRounds "9"]
[EventCountry "RUS"]
[SourceTitle "EXT 2012"]
[Source "ChessBase"]
[SourceDate "2011.11.24"]
[SourceVersion "1"]
[SourceVersionDate "2011.11.24"]
[SourceQuality "1"]

1. c4 Nf6 2. Nc3 g6 3. e4 d6 4. d4 Bg7 5. Be2 0-0 6. Nf3 e5 7. dxe5 dxe5 8. Bg5 Nbd7 9. Qd2 c6 10. 0-0 Qe7 11. h3 Nc5 12. Qc2 Ne6 13. Be3 Nh5 14. Nd2 Nhf4 15. Bxf4 Nd4 16. Qd3 exf4 17. Nf3 Rd8 18. Rfd1 Be6 19. Nxd4 Bxd4 20. Qf3 Qf6 21. Rac1 Rd6 22. b4 Rad8 23. b5 Kg7 24. bxc6 bxc6 25. c5 R6d7 26. Kh2 h5 27. Ba6 g5 28. e5 Bxe5 29. Rxd7 Rxd7 30. Ne4 Qg6 31. Nd6 g4 32. Qe2 f6 33. Bd3 Qg5 34. Qe4 f3+ 35. g3 Bxg3+ 36. fxg3 Qd2+ 37. Be2 fxe2 0-1

[Event "Azov Don Cup"]
[Site "Azov"]
[Date "2011.07.09"]
[Round "1"]
[White "Petrushin, Alexander I"]
[Black "Danchenkova, Julia"]
[Result "1-0"]
[WhiteElo "2453"]
[BlackElo "1924"]
[PlyCount "57"]
[EventDate "2011.07.09"]
[EventType "swiss"]
[EventRounds "9"]
[EventCountry "RUS"]
[SourceTitle "EXT 2012"]
[Source "ChessBase"]
[SourceDate "2011.11.24"]
[SourceVersion "1"]
[SourceVersionDate "2011.11.24"]
[SourceQuality "1"]

1. e4 d5 2. exd5 Qxd5 3. Nc3 Qa5 4. d4 c6 5. Nf3 Bg4 6. h3 Bh5 7. g4 Bg6 8. Ne5 Nf6 9. h4 Be4 10. Nc4 Qc7 11. Nxe4 Nxe4 12. Qf3 Nf6 13. Bf4 Qd7 14. g5 Qd5 15. Qe3 e6 16. gxf6 Qxh1 17. fxg7 Bxg7 18. Nd6+ Kf8 19. Nf5 h6 20. Bd6+ Kg8 21. Ne7+ Kf8 22. 0-0-0 h5 23. Nf5+ Ke8 24. Nxg7+ Kd7 25. d5 Qxd5 26. Rxd5 cxd5 27. Bf4 Nc6 28. Qc5 e5 29. Bh3+ 1-0

[Event "Dvorkovich Memorial op 5th"]
[Site "Taganrog"]
[Date "2010.08.06"]
[Round "5"]
[White "Petrushin, Alexander I"]
[Black "Petrova, Olga"]
[Result "1-0"]
[WhiteElo "2472"]
[BlackElo "2231"]
[PlyCount "53"]
[EventDate "2010.08.02"]
[EventType "swiss"]
[EventRounds "9"]
[EventCountry "RUS"]
[SourceTitle "EXT 2013"]
[Source "ChessBase"]
[SourceDate "2012.11.22"]
[SourceVersion "1"]
[SourceVersionDate "2012.11.22"]
[SourceQuality "1"]

1. e4 d6 2. d4 Nf6 3. Nc3 c6 4. f4 Qa5 5. Bd3 e5 6. Nf3 Bg4 7. Be3 Nbd7 8. 0-0 b5 9. h3 Bxf3 10. Qxf3 Be7 11. fxe5 dxe5 12. d5 cxd5 13. Nxd5 Bd8 14. b4 Qa4 15. a3 Rc8 16. Qg3 0-0 17. Bh6 Ne8 18. Qg4 Nb6 19. Nf6+ Bxf6 20. Rxf6 Rc7 21. Rf3 Nc4 22. Raf1 Rc6 23. Qd7 Rxh6 24. Rxf7 Nf6 25. Bxc4 bxc4 26. Rxf8+ Kxf8 27. Qxa4 1-0

[Event "Dvorkovich Memorial op 5th"]
[Site "Taganrog"]
[Date "2010.08.05"]
[Round "4"]
[White "Papin, Vasily"]
[Black "Petrushin, Alexander I"]
[Result "1-0"]
[WhiteElo "2521"]
[BlackElo "2472"]
[PlyCount "61"]
[EventDate "2010.08.02"]
[EventType "swiss"]
[EventRounds "9"]
[EventCountry "RUS"]
[SourceTitle "EXT 2013"]
[Source "ChessBase"]
[SourceDate "2012.11.22"]
[SourceVersion "1"]
[SourceVersionDate "2012.11.22"]
[SourceQuality "1"]

1. d4 Nf6 2. c4 g6 3. Nc3 Bg7 4. Nf3 0-0 5. g3 d6 6. Bg2 Nbd7 7. 0-0 e5 8. h3 c6 9. e4 Qb6 10. Re1 exd4 11. Nxd4 Re8 12. Re2 Qb4 13. Rc2 a5 14. Bd2 Qb6 15. Be3 Qc7 16. Rd2 Nc5 17. f3 a4 18. Rb1 Qa5 19. Nde2 Qb4 20. Rxd6 Nfd7 21. f4 Bf8 22. Rd2 Qxc4 23. b3 axb3 24. axb3 Qe6 25. b4 Nxe4 26. Nxe4 f5 27. Nd4 Qe7 28. Nf2 Qxe3 29. Re2 Qxg3 30. Rxe8 Nf6 31. Ne2 1-0

[Event "Dvorkovich Memorial op 5th"]
[Site "Taganrog"]
[Date "2010.08.02"]
[Round "1"]
[White "Petrushin, Alexander I"]
[Black "Kovalchuk, Alexey"]
[Result "1-0"]
[WhiteElo "2472"]
[BlackElo "2144"]
[PlyCount "93"]
[EventDate "2010.08.02"]
[EventType "swiss"]
[EventRounds "9"]
[EventCountry "RUS"]
[SourceTitle "EXT 2013"]
[Source "ChessBase"]
[SourceDate "2012.11.22"]
[SourceVersion "1"]
[SourceVersionDate "2012.11.22"]
[SourceQuality "1"]

1. e4 Nf6 2. e5 Nd5 3. d4 d6 4. Nf3 dxe5 5. Nxe5 c6 6. Bd3 Nd7 7. Nf3 N7f6 8. h3 g6 9. 0-0 Bg7 10. c4 Nb4 11. Be2 0-0 12. Nc3 b6 13. Bf4 Na6 14. Qd2 c5 15. d5 Ne8 16. Rad1 Nd6 17. Ne5 Bd7 18. b3 h5 19. Rfe1 Nf5 20. Nb5 Bxb5 21. cxb5 Nc7 22. Nc6 Qd7 23. Bd3 Nxd5 24. Bxf5 Qxf5 25. Be5 e6 26. Qxd5 exd5 27. Ne7+ Kh7 28. Nxf5 Bxe5 29. Rxe5 gxf5 30. Rdxd5 a6 31. bxa6 Rxa6 32. a4 c4 33. bxc4 Rxa4 34. Rxf5 Rxc4 35. Rxh5+ Kg6 36. Rdg5+ Kf6 37. Rb5 Kg6 38. g4 Rb8 39. Rbg5+ Kf6 40. Rf5+ Ke6 41. Kg2 Rg8 42. Kg3 Rg6 43. f3 Rc7 44. h4 Rg8 45. Rh6+ Rg6 46. Rh8 Rc6 47. h5 1-0

[Event "Yuzhny FO-ch op"]
[Site "Armavir"]
[Date "2010.03.??"]
[Round "7"]
[White "Kruchev, Boris"]
[Black "Petrushin, Alexander I"]
[Result "0-1"]
[WhiteElo "2241"]
[BlackElo "2479"]
[PlyCount "66"]
[EventDate "2010.03.??"]
[EventType "swiss"]
[EventRounds "9"]
[EventCountry "RUS"]
[SourceTitle "CBM 135 Extra"]
[Source "ChessBase"]
[SourceDate "2010.05.04"]
[SourceVersion "1"]
[SourceVersionDate "2010.05.04"]
[SourceQuality "1"]

1. e4 c5 2. Nf3 d6 3. d4 cxd4 4. Nxd4 Nf6 5. Nc3 a6 6. Be3 Ng4 7. Bg5 h6 8. Bh4 g5 9. Bg3 Bg7 10. h3 Ne5 11. f3 Nbc6 12. Bf2 Be6 13. Nf5 Bxf5 14. exf5 e6 15. Qd2 d5 16. Bd3 Nxd3+ 17. Qxd3 Ne5 18. Qe2 Nc4 19. fxe6 Nxb2 20. Nd1 Qa5+ 21. c3 Nxd1 22. Rxd1 Qxc3+ 23. Kf1 Qc4 24. Rd3 0-0 25. Kg1 Rfe8 26. exf7+ Kxf7 27. Qd2 Rac8 28. Rxd5 Re2 29. Rd7+ Kg8 30. Qd1 Be5 31. Rxb7 Rd8 32. Qb1 Rc2 33. Qf1 Rc1 0-1

[Event "Rostov-ch"]
[Site "Rostov on Don"]
[Date "2010.??.??"]
[Round "9"]
[White "Telmanov, Andrey"]
[Black "Petrushin, Alexander I"]
[Result "1/2-1/2"]
[WhiteElo "2132"]
[BlackElo "2465"]
[PlyCount "31"]
[EventDate "2010.11.21"]
[EventType "swiss"]
[EventRounds "9"]
[EventCountry "RUS"]
[SourceTitle "EXT 2012"]
[Source "ChessBase"]
[SourceDate "2011.11.24"]
[SourceVersion "1"]
[SourceVersionDate "2011.11.24"]
[SourceQuality "1"]

1. d4 Nf6 2. c4 g6 3. Nc3 Bg7 4. e4 0-0 5. Nf3 d6 6. Be2 e5 7. dxe5 dxe5 8. Qxd8 Rxd8 9. Nd5 Nxd5 10. cxd5 c6 11. Bc4 b5 12. Bb3 Bb7 13. Bg5 Rc8 14. Rc1 Nd7 15. dxc6 Bxc6 16. Rxc6 1/2-1/2

[Event "Rostov-ch"]
[Site "Rostov on Don"]
[Date "2010.??.??"]
[Round "2"]
[White "Zakhartsov, Vladimir"]
[Black "Petrushin, Alexander I"]
[Result "0-1"]
[WhiteElo "2035"]
[BlackElo "2465"]
[PlyCount "64"]
[EventDate "2010.11.21"]
[EventType "swiss"]
[EventRounds "9"]
[EventCountry "RUS"]
[SourceTitle "EXT 2012"]
[Source "ChessBase"]
[SourceDate "2011.11.24"]
[SourceVersion "1"]
[SourceVersionDate "2011.11.24"]
[SourceQuality "1"]

1. g3 g6 2. Bg2 Bg7 3. d4 Nf6 4. e4 d6 5. Nc3 0-0 6. Nge2 c6 7. a4 a5 8. 0-0 Na6 9. h3 e5 10. Be3 exd4 11. Bxd4 Re8 12. g4 Nb4 13. Ng3 Be6 14. g5 Nd7 15. Bxg7 Kxg7 16. h4 Ne5 17. f4 Qb6+ 18. Kh1 Ng4 19. f5 Nf2+ 20. Rxf2 Qxf2 21. Qxd6 Bc4 22. h5 Rad8 23. Qf6+ Kg8 24. e5 Qxg3 25. fxg6 hxg6 26. hxg6 Rd4 27. gxf7+ Bxf7 28. Ne4 Rxe4 29. Bxe4 Qh4+ 30. Kg1 Qxe4 31. Rf1 Qg4+ 32. Kh2 Qh4+ 0-1

[Event "Dvorkovich Memorial op 4th"]
[Site "Taganrog"]
[Date "2009.08.04"]
[Round "3"]
[White "Smougalev, Gennady"]
[Black "Petrushin, Alexander I"]
[Result "0-1"]
[WhiteElo "2224"]
[BlackElo "2456"]
[PlyCount "58"]
[EventDate "2009.08.02"]
[EventType "swiss"]
[EventRounds "9"]
[EventCountry "RUS"]
[SourceTitle "EXT 2022"]
[Source "ChessBase"]
[SourceDate "2021.10.06"]
[SourceVersion "1"]
[SourceVersionDate "2021.10.06"]
[SourceQuality "1"]

1. d4 Nf6 2. c4 g6 3. f3 c5 4. d5 Bg7 5. e4 d6 6. Ne2 0-0 7. Nec3 e5 8. Bg5 h6 9. Bh4 Qb6 10. Qd2 Nh5 11. Na3 a6 12. Be2 Nd7 13. 0-0 Ndf6 14. Bf2 Qd8 15. Nc2 Nf4 16. Bh4 Nxe4 17. Bxd8 Nxd2 18. Be7 Nxe2+ 19. Nxe2 Re8 20. Bxd6 Nxc4 21. Bxc5 Nxb2 22. Rab1 Na4 23. Bf2 Bf5 24. Rbc1 Bd3 25. Rfe1 Bf8 26. Ng3 f5 27. Red1 Nb2 28. Re1 Rac8 29. Na1 Bb4 0-1

[Event "Voronezh op-A 13th"]
[Site "Voronezh"]
[Date "2009.06.19"]
[Round "8"]
[White "Airapetian, Gor"]
[Black "Petrushin, Alexander I"]
[Result "1/2-1/2"]
[WhiteElo "2369"]
[BlackElo "2456"]
[PlyCount "79"]
[EventDate "2009.06.12"]
[EventType "swiss"]
[EventRounds "9"]
[EventCountry "RUS"]
[SourceTitle "CBM 130 Extra"]
[Source "ChessBase"]
[SourceDate "2009.07.02"]
[SourceVersion "2"]
[SourceVersionDate "2009.07.15"]
[SourceQuality "1"]

1. e4 c5 2. Nf3 d6 3. c3 Nf6 4. Be2 g6 5. 0-0 Bg7 6. Re1 0-0 7. Bf1 Bg4 8. h3 Bxf3 9. Qxf3 Nc6 10. Na3 Rb8 11. Nc2 Nd7 12. Rd1 b5 13. d4 b4 14. e5 bxc3 15. bxc3 Qc8 16. exd6 exd6 17. Bf4 Rb2 18. Rac1 cxd4 19. cxd4 Rxc2 20. Rxc2 Nxd4 21. Rxd4 Qxc2 22. Rxd6 Nb6 23. Qb3 Qf5 24. Be3 Be5 25. Rd1 Bc7 26. Qb5 Qe6 27. a4 Rd8 28. Rxd8+ Bxd8 29. a5 Nc8 30. Bc4 Qe7 31. Qd5 Bc7 32. Bd2 Nd6 33. Bd3 Ne8 34. Be3 Qd6 35. Qxd6 Nxd6 36. a6 Nc8 37. Bc5 Bb6 38. Bb4 Bd4 39. g4 Nb6 40. Be4 1/2-1/2

[Event "RUS-ch zt qual 62nd"]
[Site "Armavir"]
[Date "2009.03.??"]
[Round "6"]
[White "Ivaschenko, Vadim"]
[Black "Petrushin, Alexander I"]
[Result "0-1"]
[WhiteElo "2128"]
[BlackElo "2455"]
[PlyCount "78"]
[EventDate "2009.03.21"]
[EventType "swiss"]
[EventRounds "9"]
[EventCountry "RUS"]
[SourceTitle "EXT 2022"]
[Source "ChessBase"]
[SourceDate "2021.10.06"]
[SourceVersion "1"]
[SourceVersionDate "2021.10.06"]
[SourceQuality "1"]

1. c4 g6 2. Nc3 Bg7 3. d3 Nf6 4. g3 d6 5. Bg2 0-0 6. e4 c5 7. Nge2 Nc6 8. 0-0 a6 9. Rb1 Rb8 10. a3 b5 11. cxb5 axb5 12. b4 cxb4 13. axb4 e5 14. h3 Re8 15. Be3 Be6 16. f4 d5 17. fxe5 Nxe5 18. Bf4 Nh5 19. exd5 Bf5 20. Ne4 Rc8 21. g4 Bxe4 22. dxe4 Nxf4 23. Nxf4 Rc4 24. d6 Qb6+ 25. Kh1 Rd8 26. Qd5 Rxd6 27. Qa8+ Rd8 28. Nd5 Qd6 29. Qb7 Rb8 30. Qa7 Kh8 31. Rbd1 Qf8 32. Nc7 Qc8 33. Nd5 Qf8 34. Nc7 h6 35. Rd5 Rxb4 36. Ne6 fxe6 37. Rxf8+ Rxf8 38. Rd1 Rb2 39. Kg1 Rc8 0-1

[Event "RUS-ch zt qual 62nd"]
[Site "Armavir"]
[Date "2009.03.??"]
[Round "5"]
[White "Petrushin, Alexander I"]
[Black "Anoshkin, Alexander"]
[Result "1/2-1/2"]
[WhiteElo "2455"]
[BlackElo "2439"]
[PlyCount "55"]
[EventDate "2009.03.21"]
[EventType "swiss"]
[EventRounds "9"]
[EventCountry "RUS"]
[SourceTitle "EXT 2022"]
[Source "ChessBase"]
[SourceDate "2021.10.06"]
[SourceVersion "1"]
[SourceVersionDate "2021.10.06"]
[SourceQuality "1"]

1. e4 c5 2. Nf3 Nc6 3. d4 cxd4 4. Nxd4 e5 5. Nb5 a6 6. Nd6+ Bxd6 7. Qxd6 Qf6 8. Qxf6 Nxf6 9. Nc3 Nb4 10. Kd2 d6 11. b3 Be6 12. Ba3 Nc6 13. Bd3 0-0-0 14. f3 h5 15. h4 Rhg8 16. Raf1 d5 17. exd5 Nxd5 18. Nxd5 Rxd5 19. Kc1 Rd7 20. Re1 g6 21. Kb1 Bf5 22. Be4 Rd2 23. Rhg1 Bxe4 24. fxe4 f5 25. Bc1 Rd4 26. exf5 gxf5 27. Bg5 Kd7 28. c3 1/2-1/2

[Event "Moscow op-A"]
[Site "Moscow"]
[Date "2009.02.03"]
[Round "4"]
[White "Petrushin, Alexander I"]
[Black "Savchenko, Boris"]
[Result "0-1"]
[WhiteElo "2068"]
[BlackElo "2654"]
[PlyCount "75"]
[EventDate "2009.01.31"]
[EventType "swiss"]
[EventRounds "9"]
[EventCountry "RUS"]
[SourceTitle "EXT 2022"]
[Source "ChessBase"]
[SourceDate "2021.10.06"]
[SourceVersion "1"]
[SourceVersionDate "2021.10.06"]
[SourceQuality "1"]

1. e4 c5 2. Nf3 d6 3. d4 cxd4 4. Nxd4 Nf6 5. Nc3 Nc6 6. Bg5 e6 7. Qd2 a6 8. 0-0-0 Be7 9. Bxf6 gxf6 10. f4 Nxd4 11. Qxd4 b5 12. Qe3 Bb7 13. Bd3 Rc8 14. Kb1 h5 15. Rhe1 Qc7 16. Ne2 Bd8 17. Qh3 Qc5 18. g4 Ke7 19. Rg1 Bb6 20. g5 h4 21. gxf6+ Kxf6 22. Rdf1 Qe3 23. Qg2 Ke7 24. Qg5+ Kd7 25. Qf6 Bxe4 26. Qxf7+ Kc6 27. Bxe4+ Qxe4 28. Nc3 Qc4 29. Rh1 Bd4 30. Rf3 Rhf8 31. Qh7 Kb6 32. Rd1 Rc6 33. Qxh4 d5 34. Qe1 Rf6 35. Rfd3 Kb7 36. a3 b4 37. axb4 Qxb4 38. Qd2 0-1

[Event "Moscow op-A"]
[Site "Moscow"]
[Date "2009.02.01"]
[Round "2"]
[White "Petrushin, Alexander I"]
[Black "Tilicheev, Viacheslav"]
[Result "1-0"]
[WhiteElo "2068"]
[BlackElo "2242"]
[PlyCount "95"]
[EventDate "2009.01.31"]
[EventType "swiss"]
[EventRounds "9"]
[EventCountry "RUS"]
[SourceTitle "EXT 2022"]
[Source "ChessBase"]
[SourceDate "2021.10.06"]
[SourceVersion "1"]
[SourceVersionDate "2021.10.06"]
[SourceQuality "1"]

1. e4 e5 2. Nf3 Nc6 3. Bb5 f5 4. Qe2 fxe4 5. Qxe4 Nf6 6. Qe2 d6 7. d4 e4 8. d5 Nxd5 9. Nd4 Ndb4 10. Nc3 Bd7 11. Nxe4 Be7 12. Nf6+ Kf7 13. Bc4+ d5 14. Nxd5 Nxd4 15. Nxb4+ Kf8 16. Qd2 Bf5 17. 0-0 c5 18. c3 Nf3+ 19. gxf3 Qxd2 20. Bxd2 cxb4 21. cxb4 Bf6 22. Bc3 Bxc3 23. bxc3 Rc8 24. Bd5 Rxc3 25. Rac1 Rxc1 26. Rxc1 Ke7 27. Bxb7 Rd8 28. Rc7+ Kf6 29. Kg2 Rd4 30. a3 Rd3 31. a4 Rd4 32. Bc6 Rxb4 33. Rxa7 Rc4 34. Ba8 Kg5 35. Kg3 g6 36. Bd5 Rd4 37. Bc6 h5 38. h3 Rh4 39. a5 Bxh3 40. f4+ Rxf4 41. Kxh3 Rxf2 42. Rb7 Ra2 43. Rb5+ Kf4 44. Rb4+ Ke5 45. Ra4 Rxa4 46. Bxa4 Kd6 47. Be8 Kc5 48. Kh4 1-0

[Event "Rostov on Don-ch op"]
[Site "Rostov on Don"]
[Date "2008.12.??"]
[Round "7"]
[White "Anoshkin, Alexander"]
[Black "Petrushin, Alexander I"]
[Result "1-0"]
[WhiteElo "2424"]
[BlackElo "2450"]
[PlyCount "113"]
[EventDate "2008.12.19"]
[EventType "swiss"]
[EventRounds "9"]
[EventCountry "RUS"]
[SourceTitle "EXT 2022"]
[Source "ChessBase"]
[SourceDate "2021.10.06"]
[SourceVersion "1"]
[SourceVersionDate "2021.10.06"]
[SourceQuality "1"]

1. e4 e5 2. f4 Bc5 3. Nf3 d6 4. Bc4 Nf6 5. d3 Nc6 6. Nc3 Bg4 7. Na4 Bb6 8. Nxb6 axb6 9. 0-0 0-0 10. h3 Bxf3 11. Qxf3 b5 12. Bb3 Nd4 13. Qf2 Nxb3 14. cxb3 exf4 15. Bxf4 d5 16. e5 Nd7 17. Qg3 Qe7 18. a3 Ra6 19. d4 Rg6 20. Qf3 c6 21. Bd2 Qh4 22. Bf4 Re8 23. Rae1 Re7 24. Kh2 Rh6 25. Bxh6 Qxh6 26. Qg4 Nf8 27. Rf2 Ne6 28. Ref1 Kf8 29. Rd1 Ke8 30. Rd3 Rc7 31. b4 Qg6 32. Qxg6 hxg6 33. h4 Ke7 34. g4 Rc8 35. Kg3 Ra8 36. Rh2 Rh8 37. Rdd2 Ra8 38. Kf3 Rh8 39. Ke3 Rh7 40. b3 Rh8 41. Ra2 Rd8 42. a4 Nc7 43. h5 g5 44. Rhf2 Rh8 45. Rf5 f6 46. Kd3 bxa4 47. bxa4 Ne6 48. Raf2 Rh6 49. b5 fxe5 50. Rxe5 Kd6 51. Rf7 Nxd4 52. Rxg5 Ne6 53. Rg6 Rxg6 54. hxg6 cxb5 55. a5 b4 56. Kd2 Ng5 57. Rxg7 1-0